Bioinformatics and Drug Discovery (Record no. 23757)
[ view plain ]
| 000 -LEADER | |
|---|---|
| fixed length control field | 00483nam a22001697a 4500 |
| 003 - CONTROL NUMBER IDENTIFIER | |
| control field | NUST |
| 008 - FIXED-LENGTH DATA ELEMENTS--GENERAL INFORMATION | |
| fixed length control field | 140106b xxu||||| |||| 00| 0 eng d |
| 010 ## - LIBRARY OF CONGRESS CONTROL NUMBER | |
| LC control number | 20050110943 |
| 020 ## - INTERNATIONAL STANDARD BOOK NUMBER | |
| International Standard Book Number | 1588293467 |
| Terms of availability | Avaliable |
| 038 ## - RECORD CONTENT LICENSOR | |
| Staff Name | Nusrat Nadeem |
| 082 ## - DEWEY DECIMAL CLASSIFICATION NUMBER | |
| Classification number | 615.19 LAR |
| 100 ## - MAIN ENTRY--PERSONAL NAME | |
| Personal name | Richard S Larason |
| 9 (RLIN) | 21384 |
| 245 ## - TITLE STATEMENT | |
| Title | Bioinformatics and Drug Discovery |
| Statement of responsibility, etc. | Larason Richard S |
| 260 ## - PUBLICATION, DISTRIBUTION, ETC. | |
| Place of publication, distribution, etc. | New Jersey |
| Name of publisher, distributor, etc. | Humana Press |
| Date of publication, distribution, etc. | 2006 |
| 538 ## - SYSTEM DETAILS NOTE | |
| Display text | Bioinformatics Lab (Photocopy Book) |
| 942 ## - ADDED ENTRY ELEMENTS (KOHA) | |
| Source of classification or shelving scheme | |
| Koha item type | Book |
| Withdrawn status | Lost status | Source of classification or shelving scheme | Damaged status | Not for loan | Permanent Location | Current Location | Shelving location | Date acquired | Total Checkouts | Full call number | Barcode | Date last seen | Date last checked out | Price effective from | Koha item type | Total Renewals | Checked out |
|---|---|---|---|---|---|---|---|---|---|---|---|---|---|---|---|---|---|
| Central Library (CL) | Central Library (CL) | General Stacks | 01/06/2014 | 2 | 615.19LAR | RCMS002628 | 09/25/2020 | 09/14/2019 | 01/06/2014 | Book | |||||||
| School of Interdisciplinary Engineering and Sciences (SINES) | School of Interdisciplinary Engineering and Sciences (SINES) | Text Books | 09/25/2019 | 1 | 615.19 LAR | RCMS002923 | 06/30/2021 | 06/30/2021 | 09/25/2019 | Text Books | 2 | 06/01/2023 |
